00530nam a22001817a 4500008004100000020001700041050002200058100002900080245005300109260003200162300003700194336001000231337001400241338001200255650002400267650003900291650001800330120622s2008 it a 000 0 spa d a978382284048 aTR897.7bW43 2008 aWiedemann, Juliuseautor aWeb Design b : Flash Sitesc / Julios Wiedemann aItalia b : Taschenc, 2008 a191 páginas b : ilustraciones atexto asin medio avolumen10aPUBLICIDAD EN LINEA20aCREATIVIDADxINTERNETxPORTAFOLIOS30aPÁGINAS WEB